Icons of Madras: (Record no. 189882)

MARC details
000 -LEADER
fixed length control field 00646nam a22001937a 4500
005 - DATE AND TIME OF LATEST TRANSACTION
control field 20220714114423.0
010 ## - LCCN (DPL NO)
LC control number ENG-133562
020 ## - INTERNATIONAL STANDARD BOOK NUMBER
International Standard Book Number 9789387791213
Terms of availability 299.00
035 ## - SYSTEM CONTROL NUMBER
System control number EN-117094
037 ## - SOURCE OF ACQUISITION
Source of stock number/acquisition DBAD/PUB
082 ## - DEWEY DECIMAL CLASSIFICATION NUMBER
Classification number 709.5482
100 ## - MAIN ENTRY--PERSONAL NAME
Personal name Ramakrishnan, Kamala
245 ## - TITLE STATEMENT
Title Icons of Madras:
Remainder of title A Selection of the City's Memorable, go-to establishments and institutions of yesteryear/
Statement of responsibility, etc Kamala Ramakrishnan
260 ## - PUBLICATION, DISTRIBUTION, ETC. (IMPRINT)
Place of publication, distribution, etc Chennai
Name of publisher, distributor, etc N. Ravi
Date of publication, distribution, etc 2018
270 ## - ADDRESS
Address Kasturi Buildings, 859&860 Anna Salai
City Chennai
Postal code 600002
300 ## - PHYSICAL DESCRIPTION
Extent 150p.
Dimensions 27cm(pbk)
700 ## - ADDED ENTRY--PERSONAL NAME
Personal name Muzalda, Devendra
942 ## - ADDED ENTRY ELEMENTS (KOHA)
Source of classification or shelving scheme Dewey Decimal Classification
Item type English Books
Classification part 709.5482
Call number suffix RAM
Holdings
Withdrawn status Lost status Not for loan Collection code Home library Current library Date acquired Source of acquisition Cost, normal purchase price Full call number Barcode Copy number Cost, replacement price Koha item type
      Non-fiction Bawana Bawana 14/07/2022 DBAD/PUB 299.00 709.5482 RAM EN-117094 1 299.00 English Books

© Delhi Public Library
Hit Counter
free hit counter